Entre Góngora y Menéndez Pelayo /

Detalles Bibliográficos
Autor principal: Artigas Ferrando, Miguel (Autor)
Otros Autores: De la Hoz Regulez, Jerónimo (Editor)
Formato: Electrónico eBook
Lenguaje:español
Publicado: Santander : Ediciones Universidad Cantabria, 2024.
Colección:Cantabria 4 estaciones ; 70.
Materias:
Acceso en línea:Digitalia Hispánica

MARC

LEADER 00000nam a2200000Ii 4500
001 DIGUCANT0193
003 NyNyDIG
006 m o d
007 cr |||||||||||
008 250310s2024 sp o 000 0 spa d
035 |a (OCoLC)1485515016 
040 |a DGITA  |b eng  |e rda  |e pn  |c DGITA 
020 |a 9788419024824  |q (pdf) 
020 |z 9788419024817  |q (rústica) 
024 7 |a https://doi.org/10.22429/Euc2024.016 
050 1 4 |a PQ6395 ebook 
100 1 |a Artigas Ferrando, Miguel,  |e author. 
245 1 0 |a Entre Góngora y Menéndez Pelayo /  |c Miguel Artigas Ferrando ; estudio preliminar, Jerónimo De la Hoz Regulez. 
264 1 |a Santander :  |b Ediciones Universidad Cantabria,  |c 2024. 
300 |a 1 online resource. 
336 |a text  |b txt  |2 rdacontent 
337 |a computer  |b c  |2 rdamedia 
338 |a online resource  |b cr  |2 rdacarrier 
347 |a text file  |2 rdaft 
347 |b PDF 
490 1 |a Cantabria 4 estaciones ;  |v 70 
588 0 |a Online resource; title from PDF title page (Digitalia, viewed March 10, 2025) 
600 1 0 |a Góngora y Argote, Luis de,  |d 1561-1627  |z Criticism and interpretation. 
600 1 0 |a Menéndez y Pelayo, Marcelino,  |d 1856-1912  |z Criticism and interpretation. 
700 1 |a De la Hoz Regulez, Jerónimo,  |e editor. 
776 0 8 |i Print version:  |a Artigas Ferrando, Miguel.  |t Entre Góngora y Menéndez Pelayo.  |d Santander : Ediciones Universidad Cantabria, 2024  |z 9788419024817 
791 2 |a Digitalia (Firm),  |e distributor. 
793 0 |g Digitalia eBook Collection:  |a Universidad de Cantabria 
830 0 |a Cantabria 4 estaciones ;  |v 70. 
856 4 0 |3 Digitalia Hispánica  |u https://www.digitaliapublishing.com/a/170047/ 
910 |a Premium collection: 2025